| 000 | 00535nam a2200193 a 4500 | ||
|---|---|---|---|
| 001 | 3336 | ||
| 005 | 20140414132032.0 | ||
| 008 | 040715s19uu xx 00 eng d | ||
| 020 | _a1-845135-081-8 | ||
| 050 |
_aTR _bM74 2001 |
||
| 100 | _aBiro, Val | ||
| 245 |
_aMonkey and the fisherman (The) : _band the ass in the pond / _cby Val Biro. |
||
| 260 |
_aLondon : _bAward Pub., _c2001. |
||
| 300 | _a1 v. p. : ill. ; cm. | ||
| 440 | _aAesop's Fables | ||
| 650 |
_aMonkeys _xFiction. |
||
| 650 | _aChildren stories. | ||
| 999 |
_c113646 _d113646 |
||